<?xml version="1.0" encoding="UTF-8"?>
<record
    xmlns:xsi="http://www.w3.org/2001/XMLSchema-instance"
    xsi:schemaLocation="http://www.loc.gov/MARC21/slim http://www.loc.gov/standards/marcxml/schema/MARC21slim.xsd"
    xmlns="http://www.loc.gov/MARC21/slim">

  <leader>01005nam a2200217Ia 4500</leader>
  <controlfield tag="003">IN-BaIIA</controlfield>
  <controlfield tag="008">211028s9999    xx            000 0 eng d</controlfield>
  <datafield tag="020" ind1=" " ind2=" ">
    <subfield code="a">0-7923-5009-X</subfield>
  </datafield>
  <datafield tag="040" ind1=" " ind2=" ">
    <subfield code="c">IIA Library</subfield>
  </datafield>
  <datafield tag="080" ind1=" " ind2=" ">
    <subfield code="a">524.3</subfield>
    <subfield code="b">DUS</subfield>
  </datafield>
  <datafield tag="111" ind1=" " ind2=" ">
    <subfield code="a">International Workshop on Dust and Molecules in Evolved Stars</subfield>
    <subfield code="c">Manchester, United Kingdom</subfield>
    <subfield code="d">1997 Mar. 24- 27</subfield>
    <subfield code="9">24695</subfield>
  </datafield>
  <datafield tag="245" ind1=" " ind2="0">
    <subfield code="a">Dust and molecules in evolved stars</subfield>
    <subfield code="b">proceedings of an international workshop on dust and molecules in evolved stars, held in Manchester, United Kingdom, 24- 27 March, 1997</subfield>
    <subfield code="c">edited by I. Cherchneff and T. J. Millar                                               </subfield>
  </datafield>
  <datafield tag="260" ind1=" " ind2=" ">
    <subfield code="a">Dordrecht</subfield>
    <subfield code="b">Kluwer Academic</subfield>
    <subfield code="c">1998</subfield>
  </datafield>
  <datafield tag="300" ind1=" " ind2=" ">
    <subfield code="a">394p.</subfield>
  </datafield>
  <datafield tag="650" ind1=" " ind2=" ">
    <subfield code="a">Cosmic dust -- Congresses</subfield>
    <subfield code="9">24696</subfield>
  </datafield>
  <datafield tag="650" ind1=" " ind2=" ">
    <subfield code="a">Cosmochemistry -- Congresses.</subfield>
    <subfield code="9">22643</subfield>
  </datafield>
  <datafield tag="650" ind1=" " ind2=" ">
    <subfield code="a">Stars -- Atmospheres -- Congresses</subfield>
    <subfield code="9">24697</subfield>
  </datafield>
  <datafield tag="700" ind1=" " ind2=" ">
    <subfield code="a">Cherchneff, I., ed.                                               </subfield>
    <subfield code="9">24698</subfield>
  </datafield>
  <datafield tag="700" ind1=" " ind2=" ">
    <subfield code="a">Millar, T. J., ed.</subfield>
    <subfield code="9">15764</subfield>
  </datafield>
  <datafield tag="942" ind1=" " ind2=" ">
    <subfield code="c">BK</subfield>
  </datafield>
  <datafield tag="999" ind1=" " ind2=" ">
    <subfield code="c">14059</subfield>
    <subfield code="d">14059</subfield>
  </datafield>
  <datafield tag="952" ind1=" " ind2=" ">
    <subfield code="0">0</subfield>
    <subfield code="1">0</subfield>
    <subfield code="4">0</subfield>
    <subfield code="7">0</subfield>
    <subfield code="a">BAN</subfield>
    <subfield code="b">BAN</subfield>
    <subfield code="c">GEN</subfield>
    <subfield code="d">2001-04-12</subfield>
    <subfield code="e">ALL   </subfield>
    <subfield code="g">5952.00</subfield>
    <subfield code="l">2</subfield>
    <subfield code="o">524.3/ DUS</subfield>
    <subfield code="p">14979</subfield>
    <subfield code="r">2025-09-10</subfield>
    <subfield code="s">2025-08-09</subfield>
    <subfield code="v">5952.00</subfield>
    <subfield code="w">2001-04-12</subfield>
    <subfield code="y">BK</subfield>
    <subfield code="G">Rs. 5952.00  </subfield>
  </datafield>
</record>
